BLACKPINK "Which of these songs..." - Statistics

General Stats
  • This quiz has been taken 75 times
    73 since last reset
  • The average score is 11 of 27
Answer Stats
Question Answer % Correct
Was the first solo song? SOLO
96%
Was the first music video by a K-pop act to surpass 1 billion views? DDU-DU DDU-DU
80%
Had a demo written by Boom in 2021 that she had originally thought could've been used for Lisa's next single? Typa Girl
72%
Was their first collaboration? Kiss and Make Up
64%
Was the A-side song on BLACKPINK's debut album? BOOMBAYAH
60%
Was the first solo to appear on a BLACKPINK album as opposed to a solo album? Hard to Love
60%
Was the longest charting song by a K-pop soloist on the Billboard 200? MONEY
56%
Was a promotional single created for PUBG mobile? Ready For Love
56%
Had an MV with scenes filmed separately in South Korea and the US due to COVID? Ice Cream
52%
Was their first song to surpass 500 million Spotify streams? How You Like That?
48%
Is Jennie's favourite song? WHISTLE
48%
Was the first BLACKPINK song to set the "most viewed MV in 24 hours" record? Kill This Love
44%
Was their debut on the Billboard 100? Sour Candy
40%
Set 5 world records listed by the Guinness Book of World Records 2020? How You Like That?
36%
Was the most viewed music video by a solo artist in 24 hours? LALISA
36%
Was released in 2017? AS IF IT'S YOUR LAST
32%
Was their first song entirely in English? Bet You Wanna
28%
Was their first number 1 on the global charts excluding US? Lovesick Girls
28%
Had lyrics partly composed by Jisoo and Rosé for Born Pink? Yeah Yeah Yeah!
28%
Was their biggest release on YouTube with 90.4 million views in 24 hours? Pink Venom
24%
Became the first #1 on the Global 200 by a girl group? Pink Venom
24%
Was their first #1 on the world digital song charts? BOOMBAYAH
20%
Had the highest production budget for any BLACKPINK music video? FLOWER
20%
Was performed as part of the "Dear Earth" YouTube original in 2021? STAY
20%
Reached number 1 on the Billboard 200 making BLACKPINK the fourth act to have multiple leaders on the list. Shut Down
16%
Was their fastest to reach 1 million likes? (Only 28 minutes!!) Kill This Love
12%
Broke the record set by Psy's "Gentleman" as the most viewed music video by a solo artist in 24 hours? On The Ground
8%
No matching quizzes found
Score Distribution
Percent of People with Each Score
Percentile by Number Answered
Your Score History
You have not taken this quiz since the last reset